Musicals by Character Name (Easy) - Statistics

General Stats
  • This quiz has been taken 124 times
  • The average score is 9 of 15
Answer Stats
Hint Answer % Correct
Angelica Schuyler Hamilton
93%
Elphaba Wicked
92%
Oliver Twist Oliver!
86%
Anne Boleyn Six
86%
Connor Murphy Dear Evan Hansen
73%
Hermes Hadestown
73%
Javert Les Mis
68%
Jack Kelly Newsies
63%
Emily Deetz Beetlejuice
59%
Satine Moulin Rouge
51%
Nina Rosario In the Heights
40%
Mark Cohen Rent
31%
Whizzer Falsettos
25%
Natalie Goodman Next to Normal
17%
Susan Wilson Tick Tick Boom
8%
No matching quizzes found
Score Distribution
Percent of People with Each Score
Percentile by Number Answered
Your Score History
You have not taken this quiz